<?xml version="1.0" encoding="UTF-8"?>
<marc:record xmlns:marc="http://www.loc.gov/MARC21/slim">
   <marc:leader>00000nam a2200000 a 4500</marc:leader>
   <marc:datafield ind1="1" ind2=" " tag="100">
      <marc:subfield code="a">Fischer, Heinz</marc:subfield>
      <marc:subfield code="4">aut</marc:subfield>
      <marc:subfield code="e">Verfasser/-in</marc:subfield>
   </marc:datafield>
   <marc:datafield ind1="1" ind2=" " tag="100">
      <marc:subfield code="a">Portisch, Hugo</marc:subfield>
   </marc:datafield>
   <marc:datafield ind1="1" ind2=" " tag="100">
      <marc:subfield code="a">Schmidt, Heide</marc:subfield>
   </marc:datafield>
   <marc:datafield ind1="1" ind2=" " tag="100">
      <marc:subfield code="a">Stumpf, Edith</marc:subfield>
   </marc:datafield>
   <marc:datafield ind1="1" ind2=" " tag="100">
      <marc:subfield code="a">Lacina, Ferdinand</marc:subfield>
   </marc:datafield>
   <marc:datafield ind1="1" ind2=" " tag="100">
      <marc:subfield code="a">Kaiser, Peter</marc:subfield>
   </marc:datafield>
   <marc:datafield ind1="1" ind2=" " tag="100">
      <marc:subfield code="a">Schüssel, Wolfgang</marc:subfield>
   </marc:datafield>
   <marc:datafield ind1="1" ind2=" " tag="100">
      <marc:subfield code="a">Khol, Andreas</marc:subfield>
   </marc:datafield>
   <marc:datafield ind1="1" ind2=" " tag="100">
      <marc:subfield code="a">Gaugl, Susanne</marc:subfield>
   </marc:datafield>
   <marc:datafield ind1=" " ind2=" " tag="653">
      <marc:subfield code="a">Österreich</marc:subfield>
   </marc:datafield>
   <marc:datafield ind1=" " ind2=" " tag="653">
      <marc:subfield code="a">20. Jahrhundert</marc:subfield>
   </marc:datafield>
   <marc:datafield ind1=" " ind2=" " tag="653">
      <marc:subfield code="a">21. Jahrhundert</marc:subfield>
   </marc:datafield>
   <marc:datafield ind1="0" ind2="0" tag="245">
      <marc:subfield code="a">Spaziergang durch die Jahrzehnte</marc:subfield>
   </marc:datafield>
   <marc:datafield ind1="0" ind2="0" tag="245">
      <marc:subfield code="b">beleitet von Herbert Lackner</marc:subfield>
   </marc:datafield>
   <marc:datafield ind1="0" ind2="0" tag="245">
      <marc:subfield code="c">Heinz Fischer. Hugo Portisch. Edith Stumpf ; Ferdinand Lacina ; Peter Kaiser ; Heide Schmidt ; Wolfgang Schüssel ; Andreas Khol ; Susanne Gaugl</marc:subfield>
   </marc:datafield>
   <marc:datafield ind1=" " ind2="1" tag="264">
      <marc:subfield code="a">Salzburg</marc:subfield>
      <marc:subfield code="b">Ecowin</marc:subfield>
      <marc:subfield code="c">2018</marc:subfield>
   </marc:datafield>
   <marc:datafield ind1=" " ind2=" " tag="250">
      <marc:subfield code="a">1. Auflage</marc:subfield>
   </marc:datafield>
   <marc:datafield ind1="1" ind2=" " tag="520">
      <marc:subfield code="a">Angaben aus der Verlagsmeldung&lt;br/&gt;&lt;br/&gt;Spaziergang durch die Jahrzehnte / von Heinz Fischer&lt;br/&gt;&lt;br/&gt;Schritt für Schritt durch Leben und Geschichte&lt;br/&gt;&lt;br/&gt;Heinz Fischer hat die Geschichte Österreichs aus vielen Blickwinkeln miterlebt und mitgestaltet  als Publizist, als Minister, als leidenschaftlicher Parlamentarier und zuletzt als Bundespräsident. Sein 80. Geburtstag im Oktober 2018 ist ein geeigneter Zeitpunkt, um zurückzublicken und die privaten und politischen Wege von früher noch einmal zu begehen. Er ist eine ideale Gelegenheit, um auszuloten, was geblieben ist, was nicht vergessen werden darf und was kommen sollte.&lt;br/&gt;&lt;br/&gt;Heinz Fischer ist ein leidenschaftlicher Politiker und Wanderer. Gemeinsam mit Herbert Lackner geht er die alten Wege noch einmal. Von der Wohnung in der Wiener Josefstadt an seinen Arbeitsplatz im Parlament, den alten Schulweg in Hietzing, die Lieblingsspaziergänge seiner Familie, Wege, die mit markanten politischen Ereignissen verknüpft sind. Heinz Fischer erlebt Ereignisse aus vergangenen Jahrzehnten wieder und reflektiert sie. Es ist auch eine Reise in die Familiengeschichte  in seine eigene und in die dramatische seiner in der schwedischen Emigration geborenen Frau Margit.</marc:subfield>
   </marc:datafield>
   <marc:datafield ind1=" " ind2=" " tag="020">
      <marc:subfield code="a">9783711001764</marc:subfield>
      <marc:subfield code="9">9783711001764</marc:subfield>
   </marc:datafield>
   <marc:datafield ind1=" " ind2=" " tag="041">
      <marc:subfield code="a">ger</marc:subfield>
   </marc:datafield>
   <marc:datafield ind1="1" ind2=" " tag="521">
      <marc:subfield code="a">0</marc:subfield>
   </marc:datafield>
   <marc:datafield ind1=" " ind2=" " tag="300">
      <marc:subfield code="a">216 Seiten</marc:subfield>
   </marc:datafield>
</marc:record>
